| 000 | 00464nam a22001097a 4500 | ||
|---|---|---|---|
| 020 | _a9781138027053 | ||
| 082 |
_a620 _bENG |
||
| 245 |
_aEngineering technology and applications : _bproceedings of the 2014 International Conference on Engineering Technology and Applications (ICETA 2014), Tsingtao, China, 29-30 April 2014 / _cEdited by Fun Shao, Wise Shu and Tracy Tian |
||
| 260 |
_aBoca Raton : _bCRC Press, _c2014. |
||
| 300 |
_a331 p. ; _c25 cm. |
||
| 942 |
_2ddc _cBK |
||
| 999 |
_c591596 _d591596 |
||